| 000 | 01069nam a22003137a 4500 | ||
|---|---|---|---|
| 003 | CHAP | ||
| 005 | 20220329135917.0 | ||
| 008 | 971013s1980 r 00010 d | ||
| 010 | _a43982 | ||
| 011 | _a44954 | ||
| 035 | _a49093 | ||
| 040 | _cCHAP | ||
| 090 | _aTesis | ||
| 100 | 0 | 0 |
_aTalamás Navarro, Kerim. _9111395 |
| 245 | _aImplantación de progesterona más benzoato de estradiol o de zeranol en acabado de novillos en corrales | ||
| 260 |
_aMonterrey, N.L. : _bEl autor, _c1980 |
||
| 300 | _a61 h. | ||
| 502 | _aTesis (Ing. Agr. Zootecnista) -- ITESM. Div. de Ciencias Agropecuarias y Marítimas | ||
| 590 |
_aALEPH _b10 _c20130110 _lUCH01 _h1313 |
||
| 590 |
_aBATCH-UPD _b10 _c20130110 _lUCH01 _h1301 |
||
| 590 |
_aBATCH-UPD _b10 _c20130410 _lUCH01 _h0819 |
||
| 590 |
_aBATCH-UPD _b10 _c20130914 _lUCH01 _h1524 |
||
| 590 |
_aCONVERSION _b10 _c20130109 _lUCH01 _h1324 |
||
| 650 | 1 | 4 |
_aGanado vacuno _xEngorda. _945461 |
| 650 | 1 | 4 |
_aHormonas _xEfecto en animales domésticos. _956236 |
| 901 | _aBK | ||
| 942 | _cTESIS | ||
| 949 |
_bBC _cTES _d-145507 _eTS1 _i49093 _si |
||
| 999 |
_c43982 _d43982 |
||